Statistics for All US States That Don't Border a Larger State by Land Area

Click here to take the quiz!

General Stats

  • This quiz has been taken 40 times
  • The average score is 9 of 10

Answer Stats

mi2State% Correct
261,232Texas
100%
155,779California
97%
30,843Maine
97%
145,546Montana
97%
570,641Alaska
95%
47,126New York
95%
57,513Georgia
84%
79,627Minnesota
84%
6,423Hawaii
82%
56,539Michigan
74%

Score Distribution

Percentile by Number Answered

Percent of People with Each Score

Your Score History

You have not taken this quiz